000 00216 a2200097 4500
001 43900
100 _aNaqvi
245 _aImam Ahmad Bin Hambal
260 _aLahore
_bSh. Ghulam Ali & Sons
_c
090 _c27642
_d27642
942 _aNUST-CAE
_cM
_c19605
999 _c278973
_d278973